000 00692nam a2200193Ii 4500
003 JO-AjNU
008 230605s9999||||xx |||||||||||||| ||und||
040 _aJO-AjNU
_bara
_erda
_cJO-AjNU
041 _aara
050 1 4 _aHD85.A7.A426.1983
100 3 _aعجمية،محمد عبدالعزيز/صبحي تادرس قريصة/مدحت محمد العقاد,
_eauthor
_916476
245 0 0 _aمقدمة في التنمية والتخطيط
264 3 1 _aبيروت:دار النهضة العربية،1983
300 _a540
336 _atext
_btxt
_2rdacontent
337 _aunmediated
_bn
_2rdamedia
338 _avolume
_bnc
_2rdacarrier
650 4 _aالتنمية الاقتصادية
_916477
999 _aA4894
_c8462
_d8462